| 000 | 01524ngm a22003250a 4500 | ||
|---|---|---|---|
| 001 | PT47161 | ||
| 003 | AR-LpoUNG | ||
| 005 | 20210202000006.0 | ||
| 007 | vd cvaizq | ||
| 008 | 191001s2011||||xxu|||||||||||||||||spa d | ||
| 037 | _c$7 | ||
| 040 |
_aAR-LpoUNG _bspa _cAR-LpoUNG _eaacr |
||
| 041 |
_aspa _aeng |
||
| 044 | _axxu | ||
| 082 | 0 | _a808.068 658v5 | |
| 100 | 1 |
_aDisher, Karen _edir. |
|
| 245 | 1 | 0 | _aUna navidad tamaño mamut = Ice age a mammoth christmas |
| 260 |
_aCalifornia : _bTwentieth Century Fox, _c2011. |
||
| 300 | _aDVD (27 min.) : son., col. | ||
| 505 | 0 | _aSubtitulada en inglés y español. | |
| 520 | _aEn esta navidad Sid termina de una vez por todas en la famosa lista negra, cosa que jamás hubiera pensado, pero sin lugar a dudas, después de haber destrozado la roca navideña de Manny, no le ha dejado otra alternativa a Santa Claus que tomar esa decisión. Sid no puede reaccionar ante esta dolorosa situación para él, que es incapaz de aceptar tal destino fatal, según sus expresiones, que decide viajar hacia el famoso Polo Norte donde se encuentra Santa Claus y todos sus ayudantes preparando y acomodando hasta los últimos detalles para que todo salga impecable como cada exitoso año. Pero lamentablemente para Sid, las cosas se van a seguir poniendo feas para él. | ||
| 653 | _aANIMACION | ||
| 653 | _aAVENTURA | ||
| 653 | _aDVD | ||
| 653 | _aVIDEOS | ||
| 653 | _aVIDEOS INFANTILES | ||
| 710 | 2 | _aBlue Sky Studios (Estados Unidos) | |
| 905 | _a47161 | ||
| 942 | _cDVD | ||
| 999 |
_c53923 _d53923 |
||